Taylor Swift - Chansons par acronymes 3 - Statistiques

Statistiques générales
  • Ce quiz a été pris 518 fois
    409 depuis la dernière actualisation
  • Le résultat moyen est 8 sur 18
Statistiques - réponses
Hint Réponse % Correct
IBYTAM I Bet You Think About Me
90%
IDSB I Did Something Bad
76%
HYGTG How You Get the Girl
74%
NBNC No Body, No Crime
68%
RWYLM Right Where You Left Me
66%
JTF Jump Then Fall
59%
ICFHNRIC I Can Fix Him (No Really I Can)
57%
BBB Bye Bye Baby
48%
BTTWS Bigger Than The Whole Sky
38%
SHS So High School
38%
WEFIL When Emma Falls In Love
35%
SOTB Snow On The Beach
34%
CBBH Come Back... Be Here
32%
GAH Girl At Home
25%
LSS Long Story Short
25%
ATW10MVTVSGAVRALPS All Too Well (10 Minute Version) (Taylor's Version) (Sad Girl Autumn Version Recorded At Long Pond Studios)
17%
CIWTR Come In With The Rain
15%
SSN Should've Said No
15%
Aucun quiz correspondant
Distribution des résultats
% des personnes avec chaque résultat
Percentile par nombre de réponses
Votre historique - résultats
Vous n’avez pas pris ce quiz depuis la dernière actualisation